| 000 | 00544nam a2200217Ia 4500 | ||
|---|---|---|---|
| 003 | OSt | ||
| 005 | 20221005131831.0 | ||
| 006 | a|||||r|||| 00| 0 | ||
| 007 | ta | ||
| 008 | 221004b |||||||| |||| 00| 0 eng d | ||
| 024 | _a35057 | ||
| 037 | _cTextual | ||
| 040 |
_aCRL _cCRL _beng |
||
| 041 |
_2eng _aeng |
||
| 082 | _a/\2y7M63, K3 close sec | ||
| 245 | 0 | _aSwami Vivekananda and America | |
| 260 | _c1963 | ||
| 650 | _aSPIRITUALISM | ||
| 942 |
_h/\2y7M63, K3 close sec _cTEXL _2cc |
||
| 999 |
_c1061571 _d1061571 |
||